OXFORD HANDBOOK OF CLINICAL MEDICINE / (Record no. 183555)

MARC details
000 -LEADER
fixed length control field 01089nam a22003011i 4500
005 - DATE AND TIME OF LATEST TRANSACTION
control field 20210420120756.0
008 - FIXED-LENGTH DATA ELEMENTS--GENERAL INFORMATION
fixed length control field 210420r20041985-ukado|e f||| 001 0 eng d
020 ## - INTERNATIONAL STANDARD BOOK NUMBER
International Standard Book Number 9780198525585
040 ## - CATALOGING SOURCE
Original cataloging agency PPAK
Language of cataloging eng
Transcribing agency PPAK
Description conventions rda
082 04 - DEWEY DECIMAL CLASSIFICATION NUMBER
Edition number 23
Classification number 616
090 00 - LOCALLY ASSIGNED LC-TYPE CALL NUMBER (OCLC); LOCAL CALL NUMBER (RLIN)
Classification number (OCLC) (R) ; Classification number, CALL (RLIN) (NR) 616
Feature heading LON
Feature heading R
100 10 - MAIN ENTRY--PERSONAL NAME
Personal name Murray, Longmore,
Relator term author.
245 10 - TITLE STATEMENT
Title OXFORD HANDBOOK OF CLINICAL MEDICINE /
Statement of responsibility, etc. MURRAY LONGMORE, IAN B WILKINSON, SUPRAJ R RAJAGOPALAN
250 ## - EDITION STATEMENT
Edition statement SIXTH EDITION
264 #1 - PRODUCTION, PUBLICATION, DISTRIBUTION, MANUFACTURE, AND COPYRIGHT NOTICE
Place of production, publication, distribution, manufacture Oxford :
Name of producer, publisher, distributor, manufacturer Oxford University Press ;
Date of production, publication, distribution, manufacture, or copyright notice 2004
300 ## - PHYSICAL DESCRIPTION
Extent xxii, 874 pages :
Other physical details colour illustrations, charts and colour photographs ;
Dimensions 18 cm.
336 ## - CONTENT TYPE
Source rdacontent
Content type term text
337 ## - MEDIA TYPE
Source rdamedia
Media type term unmediated
338 ## - CARRIER TYPE
Source rdacarrier
Carrier type term volume
500 ## - GENERAL NOTE
General note OVER A MILLION COPIES SOLD WORLDWIDE-- "Cover"
General note Includes index.
650 10 - SUBJECT ADDED ENTRY--TOPICAL TERM
Topical term or geographic name entry element Clinical medicine
Form subdivision Handbooks, manuals, etc.
Topical term or geographic name entry element Medicine
General subdivision Specialties and specialists
Form subdivision Handbooks, manuals, etc
Topical term or geographic name entry element Clinical medicine.
700 1# - ADDED ENTRY--PERSONAL NAME
Personal name Wilkinson, Ian B,
Relator term author.
Personal name Rajagopalan, Supraj R,
Relator term author.
942 ## - ADDED ENTRY ELEMENTS (KOHA)
Source of classification or shelving scheme Dewey Decimal Classification
Koha item type Book
Holdings
Withdrawn Not for loan Current library Shelving location Date acquired Full call number Barcode Date last seen Koha item type
  Not For Loan Perpustakaan Merbok Rujukan Dewasa 06/07/2021 R 616 LON A00742328 06/07/2021 Book